Kellogg's Cereals Quiz Stats

 Plays Quiz Updated Oct 23, 2020

     
Support Sporcle.
Go Orange.
Score 0/24 Timer 06:00
1 Play Today
Cereal % Correct
Frosted Flakes
82.5%
Corn Flakes
67.6%
Rice Krispies
56.9%
Special K
56.3%
Froot Loops
52.7%
Raisin Bran
40.3%
Apple Jacks
32.6%
Corn Pops
30.9%
Cocoa Krispies
27.8%
Frosted Mini-Wheats
21.6%
Honey Smacks
19.9%
Mini-Wheats
19.7%
Cereal % Correct
All-Bran
14%
Krave
12.3%
Raisin Bran Crunch
7.9%
Crispix
7.5%
Frosted Krispies
4.8%
Smart Start
4.8%
Cracklin' Oat Bran
4.1%
Low Fat Granola
3.4%
Product 19
3.5%
Smorz
2.6%
Müeslix
2.3%
Caramel Nut Crunch
0.3%

From the Vault

Movie Quotes IV

by SporcleAdmin

Movies 5m
If you do poorly on this quiz, just tell people 'Frankly, my dear, I don’t give a Sporcle'.
Remove Ads.
Support Sporcle.
Get the best of Sporcle when you Go Orange. This ad-free experience offers more features, more stats, and more fun while also helping to support Sporcle. Thank you for becoming a member.

Show Comments

Extras

Top Quizzes Today


Score Distribution

Your Account Isn't Verified!

In order to create a playlist on Sporcle, you need to verify the email address you used during registration. Go to your Sporcle Settings to finish the process.

Report this User

Report this user for behavior that violates our Community Guidelines.

Details: